Văn học trên hành trình của thế kỷ XX

NV073 Văn học Việt Nam sau năm 1975

Đã lưu trong:
Sonraí Bibleagrafaíochta
Príomhúdar: Phong Lê
Formáid: Leabhar
Teanga:Undetermined
Foilsithe: H. ĐHQGHN 1997
Ábhair:
Rochtain Ar Líne:http://lrc.tdmu.edu.vn/opac/search/detail.asp?aID=2&ID=6992
Clibeanna: Cuir Clib Leis
Gan Chlibeanna, Bí ar an gcéad duine leis an taifead seo a chlibeáil!
Thư viện lưu trữ: Trung tâm Học liệu Trường Đại học Thủ Dầu Một
LEADER 00661nam a2200205Ia 4500
001 TDMU_6992
008 210410s9999 xx 000 0 und d
082 |a 895.92209 
090 |b PH431 
100 |a Phong Lê 
245 0 |a Văn học trên hành trình của thế kỷ XX 
245 0 |c Phong Lê 
260 |a H. 
260 |b ĐHQGHN 
260 |c 1997 
300 |a 505tr 
520 |a NV073 Văn học Việt Nam sau năm 1975 
650 |a Văn học Việt Nam; Văn học thế kỷ XX 
856 |u http://lrc.tdmu.edu.vn/opac/search/detail.asp?aID=2&ID=6992 
980 |a Trung tâm Học liệu Trường Đại học Thủ Dầu Một